[Event "Tradewise Gibraltar Chess Festival 2013"]
[Site "Gibraltar ENG"]
[Date "2013.01.29"]
[Round "8.53"]
[White "Smith, Andrew Philip"]
[Black "Georgiadis, Nico"]
[Result "0-1"]
[WhiteElo "2175"]
[BlackElo "2369"]
[PlyCount "76"]
[EventDate "2013.01.22"]
[EventType "swiss"]
[EventRounds "10"]
[EventCountry "ENG"]
[Source "lmi"]
[SourceDate "2013.01.22"]

1. e4 c5 2. Nf3 d6 3. d4 cxd4 4. Nxd4 Nf6 5. Nc3 Nc6 6. Bg5 e6 7. Be2 Be7 8.
O-O O-O 9. Nb3 h6 10. Be3 e5 11. f4 exf4 12. Bxf4 Be6 13. Qe1 Ne5 14. Qg3 Ng6
15. Be3 Rc8 16. Bf3 Bc4 17. Rfd1 b5 18. Nd4 b4 19. Nd5 Nxd5 20. exd5 Bh4 21.
Qh3 Bg5 22. Bg4 Rc5 23. Nf5 Bxe3+ 24. Qxe3 Qf6 25. Rd4 Bxd5 26. Rad1 Bxa2 27.
Nxd6 Rxc2 28. Rxb4 a5 29. Rb5 a4 30. Ne4 Qf4 31. Qd3 Rxg2+ 32. Kxg2 Qxg4+ 33.
Kf2 Bc4 34. Qxc4 Qxd1 35. Nc3 Qd2+ 36. Kg3 Qe3+ 37. Kg2 Nf4+ 38. Kf1 Re8 0-1

[Event "Tradewise Gibraltar Chess Festival 2013"]
[Site "Gibraltar ENG"]
[Date "2013.01.29"]
[Round "8.54"]
[White "Pena Riasco, Alexander"]
[Black "Kriebel, Tadeas"]
[Result "1-0"]
[WhiteElo "2156"]
[BlackElo "2369"]
[PlyCount "73"]
[EventDate "2013.01.22"]
[EventType "swiss"]
[EventRounds "10"]
[EventCountry "ENG"]
[Source "lmi"]
[SourceDate "2013.01.22"]

1. e4 c5 2. Nf3 d6 3. d4 cxd4 4. Nxd4 Nf6 5. Nc3 a6 6. Be3 e5 7. Nb3 Be7 8. f3
O-O 9. Qd2 Be6 10. O-O-O a5 11. Kb1 a4 12. Nc1 a3 13. b3 Ra5 14. Na4 Rxa4 15.
bxa4 d5 16. Bd3 d4 17. Bf2 Nbd7 18. Nb3 Nb6 19. Bb5 Qc7 20. c3 dxc3 21. Bxb6
Qxb6 22. Qxc3 Rc8 23. Qa5 Qf2 24. Rd2 Qe3 25. Rd3 Qf2 26. Qd2 Qb6 27. Qe3 Qxe3
28. Rxe3 Nd7 29. Rc1 Rxc1+ 30. Nxc1 f6 31. Rc3 Nc5 32. Nb3 Nxb3 33. axb3 Bb4
34. Rd3 Kf7 35. Bc4 Ke7 36. Bxe6 Kxe6 37. Rd5 1-0

[Event "Tradewise Gibraltar Chess Festival 2013"]
[Site "Gibraltar ENG"]
[Date "2013.01.29"]
[Round "8.55"]
[White "Wemmers, Xander"]
[Black "Byron, Alan M"]
[Result "0-1"]
[WhiteElo "2349"]
[BlackElo "2167"]
[PlyCount "84"]
[EventDate "2013.01.22"]
[EventType "swiss"]
[EventRounds "10"]
[EventCountry "ENG"]
[Source "lmi"]
[SourceDate "2013.01.22"]

1. d4 Nf6 2. c4 g6 3. Nc3 Bg7 4. e4 d6 5. Nf3 O-O 6. Be2 e5 7. O-O Nc6 8. Be3
Ng4 9. Bg5 f6 10. Bh4 g5 11. Bg3 Nh6 12. d5 Ne7 13. Nd2 f5 14. exf5 Nhxf5 15.
Nde4 Ng6 16. c5 Nf4 17. Bg4 Nd4 18. cxd6 cxd6 19. Kh1 b5 20. a3 Bb7 21. Rc1 a6
22. Bxf4 gxf4 23. f3 Kh8 24. Re1 Qe7 25. Qd3 Rad8 26. Ne2 Bxd5 27. Nxd4 exd4
28. Nf2 Qf7 29. Qd2 Rfe8 30. Rxe8+ Rxe8 31. Nd3 h5 32. Bh3 Re3 33. Nf2 Bc4 34.
Ne4 Qe7 35. Qb4 Bf8 36. Qd2 Bg7 37. Qb4 Bf8 38. Qd2 d5 39. Qxd4+ Bg7 40. Qc5
Qxc5 41. Nxc5 Bxb2 42. Rd1 Rxa3 0-1

[Event "Tradewise Gibraltar Chess Festival 2013"]
[Site "Gibraltar ENG"]
[Date "2013.01.29"]
[Round "8.56"]
[White "Vinas Guerrero, Carlos A"]
[Black "Ortega Ruiz, Jose Miguel"]
[Result "1/2-1/2"]
[WhiteElo "2167"]
[BlackElo "2349"]
[PlyCount "92"]
[EventDate "2013.01.22"]
[EventType "swiss"]
[EventRounds "10"]
[EventCountry "ENG"]
[Source "lmi"]
[SourceDate "2013.01.22"]

1. e4 e5 2. Nf3 Nc6 3. Nc3 d6 4. d4 Bg4 5. Bb5 exd4 6. Qxd4 Qd7 7. Qa4 Bxf3 8.
gxf3 g6 9. Be3 Bg7 10. O-O-O Bxc3 11. bxc3 Nge7 12. h4 h5 13. f4 a6 14. Bd4 O-O
15. Bxc6 Qxc6 16. Qxc6 Nxc6 17. Bf6 Rfe8 18. f3 Re6 19. Bd4 Ne7 20. f5 gxf5 21.
Rhg1+ Rg6 22. Bf6 Kf8 23. Bxe7+ Kxe7 24. exf5 Rxg1 25. Rxg1 Kf6 26. Rg5 Re8 27.
Kd2 Re5 28. Rxh5 Ra5 29. Rh8 Rxa2 30. Rc8 c5 31. Rc7 Ra4 32. Rxb7 Rxh4 33. Rb6
Ke5 34. Rxa6 Rh2+ 35. Ke3 Rxc2 36. f4+ Kd5 37. Kd3 Rc1 38. Ra7 c4+ 39. Kd2 Rf1
40. Rxf7 Rf2+ 41. Ke3 Rc2 42. Re7 Rxc3+ 43. Ke2 Rh3 44. f6 Rh6 45. f7 Rf6 46.
Ke3 c3 1/2-1/2

[Event "Tradewise Gibraltar Chess Festival 2013"]
[Site "Gibraltar ENG"]
[Date "2013.01.29"]
[Round "8.57"]
[White "Piasetski, Leon"]
[Black "Lipecki, Alexander"]
[Result "1-0"]
[WhiteElo "2310"]
[BlackElo "2138"]
[PlyCount "81"]
[EventDate "2013.01.22"]
[EventType "swiss"]
[EventRounds "10"]
[EventCountry "ENG"]
[Source "lmi"]
[SourceDate "2013.01.22"]

1. c4 e5 2. g3 Nf6 3. Bg2 Nc6 4. Nc3 Bb4 5. d3 O-O 6. Bd2 a5 7. a3 Be7 8. e3 d6
9. Nge2 Bg4 10. h3 Bh5 11. O-O Bg6 12. e4 Nd7 13. g4 Nc5 14. f4 f6 15. Be3 Bf7
16. b3 Ne6 17. f5 Ned4 18. Kh2 Qb8 19. Nd5 Bd8 20. Ng1 Qa7 21. h4 Ne7 22. g5
Nxd5 23. exd5 c6 24. dxc6 bxc6 25. Bxc6 Rc8 26. Be4 fxg5 27. hxg5 Be8 28. Ra2
Bb6 29. Bc1 Bd7 30. Bd5+ Kh8 31. f6 gxf6 32. gxf6 Bf5 33. Bg5 Bd8 34. Rxf5 Nxf5
35. Qg4 Bxf6 36. Qxf5 Bg7 37. Qh3 Rf2+ 38. Rxf2 Qxf2+ 39. Kh1 Qf8 40. Be4 h6
41. Be7 1-0

[Event "Tradewise Gibraltar Chess Festival 2013"]
[Site "Gibraltar ENG"]
[Date "2013.01.29"]
[Round "8.58"]
[White "Baert, Andy"]
[Black "Vyparina, Matej"]
[Result "0-1"]
[WhiteElo "2154"]
[BlackElo "2305"]
[PlyCount "74"]
[EventDate "2013.01.22"]
[EventType "swiss"]
[EventRounds "10"]
[EventCountry "ENG"]
[Source "lmi"]
[SourceDate "2013.01.22"]

1. e4 e5 2. Nf3 Nf6 3. Nxe5 d6 4. Nf3 Nxe4 5. d4 d5 6. Bd3 Be7 7. O-O Nc6 8. c4
Nf6 9. Nc3 Nb4 10. Be2 dxc4 11. Bxc4 O-O 12. a3 Nbd5 13. Re1 c6 14. Ne5 Be6 15.
Bg5 Re8 16. Qc2 Nc7 17. Bd3 h6 18. Be3 Ncd5 19. Bd2 Rc8 20. Rad1 c5 21. dxc5
Bxc5 22. Bb5 Bxf2+ 23. Kxf2 Qb6+ 24. Be3 Nxe3 25. Rxe3 Qxb5 26. Kg1 Qc5 27. Qf2
Bb3 28. Rde1 Rxe5 29. Rxe5 Qxf2+ 30. Kxf2 Ng4+ 31. Kg3 Nxe5 32. Rxe5 Be6 33.
Kf4 Kf8 34. Ke3 Ke7 35. Kd4 Rc4+ 36. Kd3 Rc6 37. Nb5 Kf6 0-1

[Event "Tradewise Gibraltar Chess Festival 2013"]
[Site "Gibraltar ENG"]
[Date "2013.01.29"]
[Round "8.59"]
[White "Villuendas Valero, Adrian"]
[Black "Allor, Chukwuka"]
[Result "0-1"]
[WhiteElo "2301"]
[BlackElo "2154"]
[PlyCount "140"]
[EventDate "2013.01.22"]
[EventType "swiss"]
[EventRounds "10"]
[EventCountry "ENG"]
[Source "lmi"]
[SourceDate "2013.01.22"]

1. d4 Nf6 2. Bg5 e6 3. Nd2 c5 4. e3 h6 5. Bh4 cxd4 6. exd4 Be7 7. Ngf3 b6 8. c3
O-O 9. Bxf6 Bxf6 10. Bd3 Ba6 11. Bxa6 Nxa6 12. Qe2 Nc7 13. O-O Be7 14. Rfe1 b5
15. Nf1 d6 16. Ne3 Re8 17. a4 a6 18. axb5 axb5 19. Nc2 Qd7 20. Nb4 Rxa1 21.
Rxa1 Ra8 22. Qd1 Qe8 23. Ne1 Rxa1 24. Qxa1 Qa8 25. Qxa8+ Nxa8 26. Ned3 Kf8 27.
Kf1 Ke8 28. Ke2 Kd7 29. Nc2 Nb6 30. Ne3 Na8 31. g3 Nc7 32. Nc2 Nd5 33. Ne3 Nxe3
34. Kxe3 h5 35. Ke2 g6 36. Nb4 Bg5 37. Kd3 Bc1 38. Kc2 Bg5 39. d5 Bd8 40. Kd3
Ba5 41. dxe6+ fxe6 42. Nc2 Bb6 43. Ke2 Kc6 44. Nb4+ Kd7 45. Nd3 e5 46. h3 Ke6
47. f3 g5 48. Nb4 d5 49. Nd3 e4 50. Nb4 h4 51. gxh4 gxh4 52. Nc2 Ke5 53. Ne3 d4
54. f4+ Kxf4 55. Nd5+ Kg3 56. Nxb6 d3+ 57. Ke3 Kxh3 58. Nd5 Kg3 59. Nf6 h3 60.
Nxe4+ Kg2 61. Nf2 h2 62. b3 d2 63. Ke2 d1=Q+ 64. Nxd1 h1=Q 65. Ne3+ Kh3 66. Kd3
Qb1+ 67. Kd4 Qxb3 68. c4 b4 69. Nd5 Qd1+ 70. Kc5 b3 0-1

[Event "Tradewise Gibraltar Chess Festival 2013"]
[Site "Gibraltar ENG"]
[Date "2013.01.29"]
[Round "8.60"]
[White "Walton, Alan J"]
[Black "Tate, Alan"]
[Result "0-1"]
[WhiteElo "2153"]
[BlackElo "2290"]
[PlyCount "146"]
[EventDate "2013.01.22"]
[EventType "swiss"]
[EventRounds "10"]
[EventCountry "ENG"]
[Source "lmi"]
[SourceDate "2013.01.22"]

1. d4 g6 2. e4 Bg7 3. Nc3 d6 4. Be3 a6 5. Qd2 b5 6. a4 b4 7. Nd1 Nf6 8. f3 a5
9. Bd3 Nbd7 10. Ne2 Bb7 11. O-O c5 12. c3 O-O 13. Nf2 Rc8 14. Ng3 cxd4 15. cxd4
e5 16. b3 Rc3 17. Rab1 Qa8 18. Ne2 Rcc8 19. Rfc1 d5 20. exd5 Bxd5 21. Bb5 Rxc1+
22. Qxc1 Rc8 23. Qd2 Qb7 24. Ng4 Nxg4 25. fxg4 Bxg2 26. Bxd7 Bh3 27. Nf4 exf4
28. Bxc8 Qxc8 29. Bxf4 Qxg4+ 30. Kf2 g5 31. Be5 Qf5+ 32. Kg3 Bxe5+ 33. dxe5
Qxe5+ 34. Kxh3 Qf5+ 35. Kg2 Qxb1 36. Qd8+ Kg7 37. Qxa5 Qe4+ 38. Kg1 Qe3+ 39.
Kg2 Qe2+ 40. Kg1 Qe1+ 41. Kg2 Qe4+ 42. Kg1 Kg6 43. Qb6+ Kh5 44. a5 Qb1+ 45. Kg2
Qxb3 46. a6 Qc2+ 47. Kg3 Qd3+ 48. Kg2 Qe2+ 49. Kg1 Qe1+ 50. Kg2 Qe2+ 51. Kg1
Qe1+ 52. Kg2 Qd2+ 53. Kg3 f5 54. Qb7 f4+ 55. Kf3 Qe3+ 56. Kg2 Qe2+ 57. Kg1 Qe1+
58. Kg2 Qe2+ 59. Kg1 h6 60. Qf7+ Kh4 61. Qf6 Qe1+ 62. Kg2 Qe2+ 63. Kg1 h5 64.
Qb6 Kh3 65. Qf2 Qd1+ 66. Qf1+ Qxf1+ 67. Kxf1 b3 68. a7 b2 69. a8=Q b1=Q+ 70.
Kf2 Qc2+ 71. Kf1 g4 72. Qd5 h4 73. Qd7 f3 0-1

[Event "Tradewise Gibraltar Chess Festival 2013"]
[Site "Gibraltar ENG"]
[Date "2013.01.29"]
[Round "8.62"]
[White "Garcia Jimenez, Francisco Javi"]
[Black "Kvisla, Johannes Luangtep"]
[Result "0-1"]
[WhiteElo "2278"]
[BlackElo "2148"]
[PlyCount "42"]
[EventDate "2013.01.22"]
[EventType "swiss"]
[EventRounds "10"]
[EventCountry "ENG"]
[Source "lmi"]
[SourceDate "2013.01.22"]

1. e4 c6 2. Nf3 d5 3. exd5 cxd5 4. Ne5 Nc6 5. d4 e6 6. c3 Bd6 7. f4 Nge7 8. Bd3
O-O 9. O-O f6 10. Qh5 Nf5 11. Bxf5 exf5 12. Nd3 g6 13. Qf3 Be6 14. b4 Bf7 15.
Nd2 Qc7 16. Bb2 Rae8 17. Rae1 Ne7 18. Ne5 fxe5 19. dxe5 Qb6+ 20. Qf2 Bc7 21.
Re3 Qxe3 0-1

[Event "Tradewise Gibraltar Chess Festival 2013"]
[Site "Gibraltar ENG"]
[Date "2013.01.29"]
[Round "8.63"]
[White "Valhondo Morales, Ruben"]
[Black "Diaz Velandia, Jose Manuel"]
[Result "0-1"]
[WhiteElo "2136"]
[BlackElo "2271"]
[PlyCount "232"]
[EventDate "2013.01.22"]
[EventType "swiss"]
[EventRounds "10"]
[EventCountry "ENG"]
[Source "lmi"]
[SourceDate "2013.01.22"]

1. e4 e5 2. Nf3 Nc6 3. d4 exd4 4. Nxd4 Bc5 5. Nb3 Bb6 6. Nc3 d6 7. Qe2 Be6 8.
Nd5 Nge7 9. Bg5 O-O 10. O-O-O f6 11. Bh4 Qd7 12. a3 Rae8 13. Qd2 Ng6 14. Bg3 f5
15. exf5 Rxf5 16. Nxb6 axb6 17. Bd3 Rf6 18. Rhe1 Bxb3 19. cxb3 Nce5 20. Bc2 Qf7
21. Kb1 c6 22. f3 d5 23. Qe3 b5 24. Qd4 Nd7 25. Qa7 Rxe1 26. Rxe1 Ndf8 27. Qb8
Nf4 28. Re8 g5 29. Rc8 Qg7 30. Re8 Rf7 31. Qd8 Qf6 32. Qc8 Kg7 33. Qb8 N8g6 34.
Rg8+ Kh6 35. Qc8 Rg7 36. Rxg7 Qxg7 37. Ka2 Qe7 38. Bxf4 Nxf4 39. Qf5 Nxg2 40.
Qg4 Nf4 41. h4 Ng6 42. hxg5+ Qxg5 43. Qc8 Qe7 44. b4 Qf7 45. Qh3+ Kg7 46. Qg4
Kf8 47. Qc8+ Kg7 48. Qg4 Qf6 49. Qd7+ Qe7 50. Qg4 Qd6 51. Qc8 d4 52. Qxb7+ Kh6
53. Bb3 d3 54. Qc8 Nf4 55. Qg4 d2 56. Qg1 Qd3 57. Qh2+ Nh5 58. Qc7 Qxb3+ 59.
Kxb3 d1=Q+ 60. Ka2 Qd5+ 61. Ka1 Qxf3 62. Qd6+ Nf6 63. b3 Kg6 64. a4 bxa4 65.
bxa4 Qa3+ 66. Kb1 Qxa4 67. Qg3+ Kf5 68. Qh3+ Ke5 69. Qc3+ Ke6 70. Qc4+ Ke7 71.
Qc5+ Kf7 72. Qc4+ Kg7 73. Kb2 Qb5 74. Qf4 Qe2+ 75. Ka1 Qe4 76. Qg3+ Qg4 77.
Qc7+ Qd7 78. Qe5 Qd1+ 79. Kb2 Qd2+ 80. Ka1 Qxb4 81. Qc7+ Kg6 82. Qg3+ Kf7 83.
Qb3+ Nd5 84. Qf3+ Qf4 85. Qh5+ Kg7 86. Qe8 Qd4+ 87. Ka2 Qc4+ 88. Ka1 Qa4+ 89.
Kb2 Qb4+ 90. Ka1 Qc3+ 91. Kb1 Nf6 92. Qe7+ Kg6 93. Qe2 h5 94. Qg2+ Kf7 95. Qh2
c5 96. Qa2+ c4 97. Qa7+ Kg6 98. Qg1+ Kh6 99. Qf2 Kg5 100. Qg2+ Kf4 101. Qf2+
Ke4 102. Qe2+ Kd5 103. Qe7 Ne4 104. Qb7+ Kd4 105. Qd7+ Ke5 106. Qg7+ Kf4 107.
Qh6+ Kg4 108. Qe6+ Kf3 109. Qf5+ Ke3 110. Qh3+ Kd2 111. Qg2+ Kd1 112. Qh1+ Qe1
113. Qxh5+ Kd2+ 114. Ka2 Nc3+ 115. Ka3 Qa1+ 116. Kb4 Qa4+ 0-1

[Event "Tradewise Gibraltar Chess Festival 2013"]
[Site "Gibraltar ENG"]
[Date "2013.01.29"]
[Round "8.64"]
[White "Pinho, Paulo"]
[Black "Adrian, Claude"]
[Result "1-0"]
[WhiteElo "2128"]
[BlackElo "2260"]
[PlyCount "92"]
[EventDate "2013.01.22"]
[EventType "swiss"]
[EventRounds "10"]
[EventCountry "ENG"]
[Source "lmi"]
[SourceDate "2013.01.22"]

1. d4 Nf6 2. c4 c5 3. d5 b5 4. cxb5 a6 5. f3 g6 6. e4 Bg7 7. Na3 O-O 8. Ne2 e6
9. Nc3 exd5 10. Nxd5 Bb7 11. Bc4 axb5 12. Nxf6+ Bxf6 13. Nxb5 d5 14. exd5 Bxb2
15. Bxb2 Qh4+ 16. g3 Qxc4 17. Nc7 Na6 18. Nxa8 Bxd5 19. Qe2 Rxa8 20. Qxc4 Bxc4
21. Kd2 Rd8+ 22. Ke3 Nb4 23. Rhd1 Re8+ 24. Kf4 Nd3+ 25. Rxd3 Bxd3 26. Bc3 h6
27. h4 Bc4 28. a4 Ba6 29. Rd1 Bc4 30. a5 Ra8 31. Rd6 Ba6 32. Bf6 c4 33. Bc3 Kf8
34. h5 gxh5 35. Rxh6 Ke7 36. Rxh5 Rb8 37. Ke3 Rd8 38. Bd4 Rc8 39. Rh6 Ra8 40.
Bc3 Bb7 41. Rb6 Ba6 42. Kd4 Kd7 43. g4 Kc7 44. Rf6 Rd8+ 45. Kc5 Rd3 46. Be5+
Kb7 1-0

[Event "Tradewise Gibraltar Chess Festival 2013"]
[Site "Gibraltar ENG"]
[Date "2013.01.29"]
[Round "8.65"]
[White "Nazarenus, Moritz"]
[Black "Gieritz, Dietmar"]
[Result "1-0"]
[WhiteElo "2248"]
[BlackElo "2112"]
[PlyCount "69"]
[EventDate "2013.01.22"]
[EventType "swiss"]
[EventRounds "10"]
[EventCountry "ENG"]
[Source "lmi"]
[SourceDate "2013.01.22"]

1. d4 Nf6 2. c4 g6 3. Nc3 d5 4. cxd5 Nxd5 5. Na4 Bg7 6. e4 Nf6 7. Nc3 O-O 8.
Be2 c5 9. dxc5 Qa5 10. Bd2 Qxc5 11. Nf3 Nc6 12. Rc1 Qb4 13. Qc2 Bg4 14. a3 Qd6
15. Nb5 Qd7 16. Be3 Rac8 17. Qb1 Bxf3 18. Bxf3 a6 19. Rd1 Qe8 20. Nd4 Ne5 21.
Be2 Nc4 22. Bxc4 Rxc4 23. f3 Nd7 24. O-O Ne5 25. Rd2 Qc8 26. Rfd1 Rd8 27. Nf5
Rxd2 28. Nxe7+ Kf8 29. Nxc8 Rxd1+ 30. Qxd1 Rxc8 31. Qd5 Nc6 32. Qd7 Rb8 33. Bf4
Rd8 34. Qxb7 Nd4 35. Qxa6 1-0

[Event "Tradewise Gibraltar Chess Festival 2013"]
[Site "Gibraltar ENG"]
[Date "2013.01.29"]
[Round "8.66"]
[White "Wiedersich, Jens"]
[Black "Olhovik, Andrei"]
[Result "1/2-1/2"]
[WhiteElo "2120"]
[BlackElo "2246"]
[PlyCount "78"]
[EventDate "2013.01.22"]
[EventType "swiss"]
[EventRounds "10"]
[EventCountry "ENG"]
[Source "lmi"]
[SourceDate "2013.01.22"]

1. d4 Nf6 2. c4 e6 3. Nf3 Bb4+ 4. Bd2 Qe7 5. Nc3 O-O 6. e3 Bxc3 7. Bxc3 Ne4 8.
Qc2 Nxc3 9. Qxc3 d6 10. Be2 b6 11. c5 dxc5 12. dxc5 Ba6 13. cxb6 cxb6 14. Bxa6
Nxa6 15. O-O Rac8 16. Qd3 Nc5 17. Qb5 e5 18. Rfd1 e4 19. Ne1 Qe6 20. b3 Rcd8
21. Rd4 Rxd4 22. exd4 e3 23. f3 Nd7 24. Rc1 Qd6 25. Qe2 Qa3 26. Rc3 Re8 27.
Rxe3 Rxe3 28. Qxe3 Qxa2 29. Qd3 h5 30. h4 Qa1 31. Kf2 Qc1 32. Nc2 Qf4 33. g3
Qd6 34. Ne3 g6 35. Nc4 Qb4 36. f4 Nf6 37. Ne5 Qa5 38. Kf1 Ng4 39. Nxg4 hxg4
1/2-1/2

[Event "Tradewise Gibraltar Chess Festival 2013"]
[Site "Gibraltar ENG"]
[Date "2013.01.29"]
[Round "8.67"]
[White "Loew, Gerald"]
[Black "Novoa, Fernando"]
[Result "0-1"]
[WhiteElo "2231"]
[BlackElo "2017"]
[PlyCount "178"]
[EventDate "2013.01.22"]
[EventType "swiss"]
[EventRounds "10"]
[EventCountry "ENG"]
[Source "lmi"]
[SourceDate "2013.01.22"]

1. c4 c5 2. g3 g6 3. Bg2 Bg7 4. Nc3 Nc6 5. a3 d6 6. Rb1 a5 7. Nf3 e5 8. O-O
Nge7 9. Ne1 Be6 10. d3 O-O 11. Nc2 d5 12. cxd5 Nxd5 13. Ne3 Nde7 14. Bd2 Rb8
15. Ne4 b6 16. b4 axb4 17. axb4 cxb4 18. Bxb4 Nxb4 19. Rxb4 Nc6 20. Rb1 Nd4 21.
Nc3 Qd7 22. Ned5 b5 23. Qd2 Rfc8 24. e3 Nc6 25. Nb4 Nxb4 26. Rxb4 Bf8 27. Rbb1
b4 28. Ne4 Be7 29. Qb2 f5 30. Nd2 Bf6 31. Nf3 Qxd3 32. Nxe5 Qc3 33. Nd3 Qxb2
34. Nxb2 Ba2 35. Rbd1 Bxb2 36. Rd2 Bc4 37. Rxb2 Bxf1 38. Bd5+ Kg7 39. Kxf1 Rc5
40. Bb3 Rd8 41. h4 h6 42. Ke2 Kf6 43. Ba4 Rb8 44. Bb3 g5 45. hxg5+ hxg5 46. Ra2
Rb7 47. Ra6+ Kg7 48. Ra1 Rc3 49. Rb1 Rb8 50. Rb2 Kf6 51. Rb1 Ke5 52. Rb2 f4 53.
gxf4+ gxf4 54. exf4+ Kxf4 55. Rb1 Re8+ 56. Kf1 Re4 57. Bd5 Rd4 58. Bf7 Kf3 59.
Bh5+ Kf4 60. Bf7 Kf3 61. Bh5+ Ke4 62. Bg6+ Kd5 63. Bf7+ Kc5 64. Rb2 Rf4 65. Bb3
Rff3 66. Bd1 Rc1 67. Ke2 Rxf2+ 68. Kxf2 Rxd1 69. Ke2 Rd4 70. Ke3 Rd1 71. Ke2
Rc1 72. Kd2 Rc4 73. Kd3 Rc3+ 74. Kd2 Kc4 75. Ra2 Kb3 76. Ra8 Kb2 77. Rb8 b3 78.
Ra8 Rc2+ 79. Kd1 Kb1 80. Rb8 b2 81. Ra8 Rc4 82. Kd2 Rd4+ 83. Ke3 Kc2 84. Rc8+
Kd1 85. Kxd4 b1=Q 86. Rc5 Kd2 87. Rc3 Qb4+ 88. Rc4 Qd6+ 89. Ke4 Qd3+ 0-1

[Event "Tradewise Gibraltar Chess Festival 2013"]
[Site "Gibraltar ENG"]
[Date "2013.01.29"]
[Round "8.68"]
[White "Valgmae, Toomas"]
[Black "Nafri, Khalil"]
[Result "1/2-1/2"]
[WhiteElo "2218"]
[BlackElo "2091"]
[PlyCount "64"]
[EventDate "2013.01.22"]
[EventType "swiss"]
[EventRounds "10"]
[EventCountry "ENG"]
[Source "lmi"]
[SourceDate "2013.01.22"]

1. e4 c5 2. Nf3 Nc6 3. b3 d6 4. Bb2 e5 5. Bc4 Be7 6. h3 Nf6 7. Nc3 Nd4 8. d3
Be6 9. a4 O-O 10. O-O Ne8 11. Nd5 Nc7 12. Nxd4 cxd4 13. Nxc7 Qxc7 14. f4 exf4
15. Bxd4 Rad8 16. Qf3 Bg5 17. a5 b6 18. axb6 axb6 19. Ra6 Rb8 20. Rfa1 Rb7 21.
Qh5 h6 22. Ra8 b5 23. Bxe6 fxe6 24. Rxf8+ Kxf8 25. h4 Be7 26. c4 e5 27. Bf2
bxc4 28. bxc4 Qc8 29. Qg6 Kg8 30. h5 Bf6 31. Ra7 Rxa7 32. Bxa7 Qb7 1/2-1/2

[Event "Tradewise Gibraltar Chess Festival 2013"]
[Site "Gibraltar ENG"]
[Date "2013.01.29"]
[Round "8.69"]
[White "Lind, Jan-Olof"]
[Black "Gromovs, Sergejs"]
[Result "0-1"]
[WhiteElo "2217"]
[BlackElo "2001"]
[PlyCount "96"]
[EventDate "2013.01.22"]
[EventType "swiss"]
[EventRounds "10"]
[EventCountry "ENG"]
[Source "lmi"]
[SourceDate "2013.01.22"]

1. e4 d6 2. Nf3 Nf6 3. d3 g6 4. g3 Bg7 5. Bg2 O-O 6. O-O c5 7. Re1 Nc6 8. c3
Rb8 9. h3 b5 10. d4 c4 11. Be3 d5 12. e5 Ne4 13. Nbd2 Nxd2 14. Qxd2 Bf5 15. Bh6
b4 16. Nh2 bxc3 17. bxc3 Qa5 18. Rac1 Rfd8 19. Bxg7 Kxg7 20. Ng4 Bxg4 21. hxg4
Qa3 22. Rc2 e6 23. Qf4 Rb2 24. Rcc1 Rxa2 25. g5 Qe7 26. Ra1 Rxa1 27. Rxa1 a5
28. Bf3 Qc7 29. Kg2 Qb6 30. Rh1 Qa7 31. Qh4 Rh8 32. Qh6+ Kg8 33. Rb1 a4 34. Rb5
a3 35. Rc5 a2 36. Rxc6 Qa8 37. Bxd5 a1=Q 38. Be4 Qxc3 39. d5 Qxe5 40. Bf3 exd5
41. Rxc4 Qf8 42. Ra4 Qxh6 43. gxh6 Kf8 44. Ra5 Ke7 45. Rxd5 Qb2 46. Ra5 Rd8 47.
Ra7+ Rd7 48. Ra4 Rd2 0-1

[Event "Tradewise Gibraltar Chess Festival 2013"]
[Site "Gibraltar ENG"]
[Date "2013.01.29"]
[Round "8.70"]
[White "Uran Bermudez, Oliver Kevin"]
[Black "Semprun Martinez, Fernando"]
[Result "1/2-1/2"]
[WhiteElo "2113"]
[BlackElo "2201"]
[PlyCount "125"]
[EventDate "2013.01.22"]
[EventType "swiss"]
[EventRounds "10"]
[EventCountry "ENG"]
[Source "lmi"]
[SourceDate "2013.01.22"]

1. e4 e5 2. Nf3 Nc6 3. Bb5 a6 4. Ba4 Nf6 5. O-O Be7 6. Re1 b5 7. Bb3 O-O 8. d4
Nxd4 9. Bxf7+ Rxf7 10. Nxe5 Rf8 11. Qxd4 Bb7 12. Nc3 c5 13. Qd3 b4 14. Nd5 Nxd5
15. exd5 Bd6 16. f4 Bxe5 17. fxe5 Qh4 18. Be3 c4 19. Qd2 Rf5 20. Bf2 c3 21.
bxc3 bxc3 22. Qe2 Qg5 23. Rad1 Re8 24. Bg3 d6 25. Qc4 h5 26. Bh4 Qg6 27. Qc7
Rfxe5 28. Rxe5 Rxe5 29. Qxb7 Qg4 30. Rf1 Qxh4 31. Qc8+ Kh7 32. Qxc3 Rxd5 33. g3
Qd4+ 34. Qxd4 Rxd4 35. Rf4 Rd2 36. Rf2 Rd5 37. Kf1 Kg6 38. Ke1 Kg5 39. Rf4 Re5+
40. Kd2 Rd5+ 41. Kc3 Rc5+ 42. Kd3 Rd5+ 43. Ke3 Re5+ 44. Kf3 Rc5 45. c4 d5 46.
h4+ Kg6 47. cxd5 Rxd5 48. Ra4 a5 49. Ke4 Rb5 50. Rd4 Rb2 51. a4 Re2+ 52. Kf4
Rf2+ 53. Ke3 Ra2 54. Kf3 Kf6 55. g4 hxg4+ 56. Kxg4 g6 57. Kf4 Ra1 58. Rc4 Ra2
59. Ke4 Ke6 60. Kd4 Kd6 61. Kc3 Ra3+ 62. Kb2 Rh3 63. Rg4 1/2-1/2

[Event "Tradewise Gibraltar Chess Festival 2013"]
[Site "Gibraltar ENG"]
[Date "2013.01.29"]
[Round "8.71"]
[White "Tscharotschkin, Michael"]
[Black "Becham, Khalid"]
[Result "1-0"]
[WhiteElo "2200"]
[BlackElo "1929"]
[PlyCount "66"]
[EventDate "2013.01.22"]
[EventType "swiss"]
[EventRounds "10"]
[EventCountry "ENG"]
[Source "lmi"]
[SourceDate "2013.01.22"]

1. d4 Nf6 2. Nf3 g6 3. c4 Bg7 4. Nc3 O-O 5. e4 d6 6. Be2 e5 7. d5 Nbd7 8. Be3
Kh8 9. O-O Ng8 10. Qd2 f5 11. Bg5 Bf6 12. exf5 gxf5 13. b4 Rf7 14. Bxf6+ Ndxf6
15. Ng5 Rg7 16. f4 e4 17. Nb5 h6 18. Ne6 Bxe6 19. dxe6 Ne7 20. Qc3 Ng6 21. Qh3
Ng8 22. Nd4 Nh4 23. Nxf5 Rxg2+ 24. Kh1 Rxe2 25. Nxh4 Qf6 26. f5 Kh7 27. Ng6 Re8
28. Nf4 Rf2 29. Nh5 Qb2 30. Rxf2 Qxa1+ 31. Rf1 Qe5 32. f6 Rf8 33. Qg4 Qg5 1-0

[Event "Tradewise Gibraltar Chess Festival 2013"]
[Site "Gibraltar ENG"]
[Date "2013.01.29"]
[Round "8.72"]
[White "Lindsoe, Fredrik Aunan"]
[Black "Kurmann, Oliver"]
[Result "0-1"]
[WhiteElo "2064"]
[BlackElo "2456"]
[PlyCount "80"]
[EventDate "2013.01.22"]
[EventType "swiss"]
[EventRounds "10"]
[EventCountry "ENG"]
[Source "lmi"]
[SourceDate "2013.01.22"]

1. Nf3 Nf6 2. d4 e6 3. c4 c5 4. e3 d5 5. Nc3 a6 6. a4 Nc6 7. Ne5 Qc7 8. Nxc6
bxc6 9. Bd3 cxd4 10. exd4 dxc4 11. Bxc4 a5 12. Qe2 Qb6 13. Be3 Ba6 14. O-O Bxc4
15. Qxc4 Qa6 16. Qb3 Be7 17. Qc2 O-O 18. Rfc1 Qb7 19. Ne4 Nxe4 20. Qxe4 Ra6 21.
Rc2 Rd8 22. Rac1 Rd5 23. g3 g6 24. Rc4 Kg7 25. R1c2 Bf6 26. Bf4 Rb6 27. Be5
Bxe5 28. dxe5 Rxb2 29. Rxc6 Rxc2 30. Qxc2 Rxe5 31. f4 Rd5 32. Qc3+ Kh6 33. g4
Qb1+ 34. Kf2 Rd3 35. g5+ Kh5 36. Qc2 Qxc2+ 37. Rxc2 Kg4 38. Rc4 Rf3+ 39. Kg2
Rxf4 40. Rc5 Rf5 0-1

[Event "Tradewise Gibraltar Chess Festival 2013"]
[Site "Gibraltar ENG"]
[Date "2013.01.29"]
[Round "8.73"]
[White "Rudolf, Anna"]
[Black "Linhart, Wolfgang"]
[Result "1/2-1/2"]
[WhiteElo "2312"]
[BlackElo "2130"]
[PlyCount "94"]
[EventDate "2013.01.22"]
[EventType "swiss"]
[EventRounds "10"]
[EventCountry "ENG"]
[Source "lmi"]
[SourceDate "2013.01.22"]

1. e4 c5 2. Nf3 e6 3. d4 cxd4 4. Nxd4 a6 5. Bd3 d5 6. exd5 Qxd5 7. O-O Nc6 8.
Nxc6 Qxc6 9. Nc3 Nf6 10. Qe2 Be7 11. Ne4 Bd7 12. Re1 Qc7 13. c4 Bc6 14. Ng5 O-O
15. Bd2 Rad8 16. Bc3 h6 17. Bxf6 hxg5 18. Bc3 Bf6 19. Bxf6 gxf6 20. Rad1 Kg7
21. Be4 Qe5 22. Bd3 Qf4 23. Qe3 Qxe3 24. fxe3 f5 25. Be2 e5 26. Rxd8 Rxd8 27.
Rd1 Rxd1+ 28. Bxd1 a5 29. b3 Kf6 30. Kf2 Ke6 31. a3 f6 32. b4 b6 33. h3 e4 34.
g3 Ke5 35. h4 gxh4 36. gxh4 f4 37. h5 fxe3+ 38. Kxe3 f5 39. h6 f4+ 40. Kd2 e3+
41. Kc3 axb4+ 42. axb4 Kf6 43. Bh5 f3 44. Kd3 f2 45. Be2 Bg2 46. Kxe3 f1=Q 47.
Bxf1 Bxf1 1/2-1/2